000 00417nam a2200157Ia 4500
008 230312s9999||||xx |||||||||||||| ||und||
020 _a978-81-7758-356
082 _a519.2
_bSTA-P
100 _aStark, Henny
245 0 _aProbability and Random Process with Applications to Signal Processing
260 _bPearson Education
_aIndia
_c2002
300 _a689
546 _aEng.
650 _aEngineering
942 _cBK
999 _c4756
_d4756